00574cam a2200181 a 450000100100000000500170001000800410002704000300006808200190009810000190011724500340013626000640017030000210023450400420025565000340029765000270033165000340035800001505020251126125231.0750813s1970 ag 001 0 spa  aDO-SdBNPbspacDLCdBNPHU a291.175bP211d1 aPaoli, Arturo.10aDiálogo de la liberación. aBuenos Aires, Argentina :bEdiciones Carlos Lohlé,c1970. a303 p. ;c22 cm. aIncluye referencias bibliográficas. 0aIglesia y problemas sociales  0aSociología cristiana 4aTeología de la liberación